[Event "Porto Mannu Open"]
[Site "Palau ITA"]
[Date "2009.05.22"]
[Round "8"]
[White "Bitalzadeh,A"]
[Black "Malakhatko,V"]
[Result "1-0"]
[WhiteElo "2417"]
[BlackElo "2610"]

1.d4 Nf6 2.c4 e6 3.Nc3 Bb4 4.f3 d5 5.a3 Bxc3+ 6.bxc3 c5 7.cxd5 exd5 8.e3 Qc7
9.Ne2 Bf5 10.g4 Bg6 11.Bg2 cxd4 12.cxd4 Nbd7 13.h4 Rc8 14.a4 O-O 15.Qd2 h5
16.g5 Ne8 17.Bh3 Nd6 18.Nf4 Rfe8 19.O-O Nc4 20.Qf2 Qd6 21.Ra2 Rc7 22.Re2 Ndb6
23.e4 dxe4 24.fxe4 Bxe4 25.Nxh5 Nd5 26.Bf4 Nxf4 27.Nxf4 Rce7 28.h5 Bc6 29.g6 fxg6
30.Rxe7 Rxe7 31.d5 Bd7 32.hxg6 Qf6 33.Qh2 Bxh3 34.Qxh3 Qg5+ 35.Kh1 Qh6 36.Qxh6 gxh6
37.Ne6 Re8 38.g7  1-0

[Event "12th IHEM"]
[Site "Hamburg GER"]
[Date "2009.05.31"]
[Round "2"]
[White "Bente,B"]
[Black "Sechting,M"]
[Result "1/2-1/2"]
[WhiteElo "2273"]
[BlackElo "2121"]

1.c4 Nf6 2.Nc3 e6 3.d4 Bb4 4.f3 d5 5.a3 Be7 6.e4 dxe4 7.fxe4 e5 8.d5 Ng4
9.Nf3 Bc5 10.b4 Bf2+ 11.Ke2 Bd4 12.Nxd4 exd4 13.Qxd4 O-O 14.Be3 Nd7 15.Kd2 Nxe3
16.Qxe3 Ne5 17.Be2 Bg4 18.Raf1 a5 19.b5 Qe7 20.Nb1 Bxe2 21.Qxe2 Qc5 22.Kd1 Nxc4
23.Rf3 Qd4+ 24.Ke1 Rae8 25.Rd3 Qxe4 26.Qxe4 Rxe4+ 27.Kf2 Rfe8 28.Rc1 h5 29.h3 h4
30.Rc2 Ne3 31.Rc1 Rf4+ 32.Kg1 Re5 33.Nc3 Nc4 34.a4 Nb2 35.Rd2 Nc4 36.Rf2 Rxf2
37.Kxf2 Nb6 38.Rd1 Rf5+ 39.Ke2 Re5+ 40.Kf2 Nc8 41.Rd4 g5 42.Rc4 Re7 43.Ne4 Nd6
44.Nxd6 cxd6 45.Rc8+ Kg7 46.Ra8 Kf6 47.Rxa5 b6 48.Ra8 Ke5 49.Rb8 Kxd5 50.Rxb6 Ra7
51.Rc6 Rxa4 52.Rc7 f6 53.b6 Rb4 54.b7 Ke6 55.Kf3 d5 56.Ke3 Kd6 57.Rf7 Ke6
58.Rc7 d4+ 59.Ke4 f5+ 60.Kf3 Rb3+ 61.Kf2 g4 62.hxg4 fxg4 63.Rh7 Rb2+ 64.Ke1 Kf5
65.Rd7 Ke4 66.Kf1 d3 67.Ke1 Rb3 68.Kd2 Kf4 69.Rd4+ Kf5 70.Rxd3 Rxb7 71.Ke3 Rb2
72.Rd5+ Kg6 73.Rd6+ Kf5 74.Rd5+ Kf6 75.Rh5 Rxg2 76.Rxh4 Kg5 77.Rh8 Ra2 78.Rh7 Ra6
79.Kf2 Rf6+ 80.Kg3 Rf3+ 81.Kg2 Ra3  1/2-1/2

[Event "OKU"]
[Site "Utrecht NED"]
[Date "2009.06.07"]
[Round "6"]
[White "Snuverink,L"]
[Black "Boulahfa,H"]
[Result "1-0"]
[WhiteElo "1816"]
[BlackElo "2026"]

1.d4 Nf6 2.c4 e6 3.Nc3 Bb4 4.f3 d5 5.a3 Bxc3+ 6.bxc3 O-O 7.e3 b6 8.cxd5 exd5
9.Bd3 c5 10.Ne2 Re8 11.O-O Ba6 12.Ng3 Bxd3 13.Qxd3 Nc6 14.Ra2 c4 15.Qb1 Na5
16.e4 Nb3 17.e5 Nd7 18.f4 f6 19.Re2 b5 20.Nf5 Qa5 21.Rf3 fxe5 22.fxe5 Nf8
23.Ref2 Ne6 24.Qc2 Rf8 25.Ne7+ Kh8 26.Qxh7+ Kxh7 27.Rh3+  1-0

[Event "Open"]
[Site "Brescia ITA"]
[Date "2009.06.10"]
[Round "5"]
[White "Khairullin,I"]
[Black "Brodsky,M"]
[Result "1/2-1/2"]
[WhiteElo "2606"]
[BlackElo "2524"]

1.d4 Nf6 2.c4 e6 3.Nc3 Bb4 4.f3 c5 5.d5 Nh5 6.Nh3 d6 7.Nf2 f5 8.g4 Nf6 9.gxf5 exf5
10.Bd2 Nbd7  1/2-1/2

[Event "Oceania Zonal"]
[Site "Gold Coast AUS"]
[Date "2009.06.20"]
[Round "2"]
[White "Prasad,C FIJ"]
[Black "Pyke,M"]
[Result "1/2-1/2"]
[WhiteElo "1912"]
[BlackElo "2156"]

1.d4 Nf6 2.c4 e6 3.Nc3 Bb4 4.f3 d5 5.a3 Bxc3+ 6.bxc3 c5 7.cxd5 exd5 8.e3 O-O
9.Bd3 b6 10.Ne2 Ba6 11.O-O Qc8 12.Ng3 cxd4 13.cxd4 Bxd3 14.Qxd3 Qc4 15.Qxc4 dxc4
16.e4 Nc6 17.Be3 b5 18.Ne2 Rfe8 19.Nc3 a6 20.Rad1 h6 21.Rfe1 Rad8 22.Bf2 g5
23.g4 Rd7 24.h4 Red8 25.hxg5 hxg5 26.Ne2 Nh7  1/2-1/2

[Event "13th Master Open"]
[Site "Voronezh RUS"]
[Date "2009.06.20"]
[Round "9"]
[White "Volkov,Sergey1"]
[Black "Zakhartsov,Vi"]
[Result "1-0"]
[WhiteElo "2594"]
[BlackElo "2550"]

1.d4 Nf6 2.c4 e6 3.Nc3 Bb4 4.f3 d5 5.a3 Bxc3+ 6.bxc3 c5 7.cxd5 Nxd5 8.dxc5 f5
9.Nh3 O-O 10.c4 Qh4+ 11.Nf2 Qf6 12.Bd2 Nc3 13.Qc1 Na4 14.Bg5 Qf7 15.Nd3 Nd7
16.Qe3 e5 17.Nxe5 Nxe5 18.Qxe5 Be6 19.Kf2 Rac8 20.Be3 Rc6 21.g3 Rfc8 22.Rc1 Nxc5
23.Bg2 b6 24.Rhd1 Nd7 25.Qb5 Rxc4 26.Rxc4 Rxc4 27.Qa6 Nf8 28.Rd8 Qe7 29.Ra8 Rc7
30.f4 h6 31.Qb5 Rc8 32.Rxc8 Bxc8 33.a4 Nh7 34.Bd5+ Be6 35.Bd4 Bxd5 36.Qxd5+ Qf7
37.Qa8+ Nf8 38.a5 bxa5 39.Bxa7 Kh7 40.Be3 Nd7 41.Qxa5 Qh5 42.Ke1 Nf6 43.Bd4 Ne4
44.Qc7 Qg6 45.Kd1 Kg8 46.Kc2 h5 47.Qc8+ Kh7 48.Qb7 Kg8 49.Kd3 Qf7 50.Qxf7+ Kxf7
51.Kc4 Ke6 52.Bxg7 Nd2+ 53.Kd3 Nf1 54.e4 Nxh2 55.Bc3 Ng4 56.e5 Kd5 57.Ke2 Nh6
58.Bb4 Nf7 59.Be7 Nh8 60.Kd3 Ng6 61.Bh4 Nf8 62.Kc3 Ne6 63.Kb4 Nd4 64.Kc3 Ne6
65.Kd3 Nf8 66.Be7 Ng6 67.Bf6 Nf8 68.Kc3 Ne6 69.Kb4 Nd4 70.Ka5 Kc5 71.Ka6 Kc6
72.Ka7 Kc7 73.Ka6 Kc6 74.Be7 Kd7 75.Bh4 Kc7 76.Bg5 Ne2 77.Kb5 Nxg3 78.Kc5 Ne4+
79.Kd5 Nc3+ 80.Ke6 Nb5 81.Kxf5 Nd4+ 82.Kg6 Kd7 83.f5 Nf3 84.Bf4 Nd4 85.Be3 Nf3
86.e6+ Kd6 87.Kxh5 Ke7 88.Bg5+ Kd6 89.Kg6  1-0

[Event "5th Open"]
[Site "Sort ESP"]
[Date "2009.06.25"]
[Round "2"]
[White "Kohlweyer,B"]
[Black "Deepthamsh,R"]
[Result "1-0"]
[WhiteElo "2435"]
[BlackElo "2110"]

1.d4 Nf6 2.c4 e6 3.Nc3 Bb4 4.f3 d5 5.a3 Bxc3+ 6.bxc3 c5 7.cxd5 Nxd5 8.dxc5 Qa5
9.e4 Nf6 10.Be3 Nfd7 11.Qb3 O-O 12.Nh3 Na6 13.Bxa6 bxa6 14.Qb4 Qc7 15.O-O a5
16.Qd4 Bb7 17.Rfd1 Bc6 18.Qd6 Qc8 19.Nf2 Rd8 20.h4 Nf6 21.Qg3 Ba4 22.Rxd8+ Qxd8
23.Bd4 Ne8 24.Ng4 Qb8 25.Be5 Qb2 26.c4 Qb3 27.Nh6+ Kf8 28.Bxg7+ Ke7 29.Qg5+  1-0

[Event "Oceania Zonal"]
[Site "Gold Coast AUS"]
[Date "2009.06.26"]
[Round "9"]
[White "Krstev,A"]
[Black "Juszczynski,M"]
[Result "1/2-1/2"]
[WhiteElo "2056"]
[BlackElo "1914"]

1.d4 Nf6 2.c4 e6 3.Nc3 Bb4 4.f3 Bxc3+ 5.bxc3 d6 6.e4 Nbd7 7.Bd3 O-O 8.g4 e5
9.Ne2 c5 10.Be3 Re8 11.d5 Nf8 12.Bg5 h6 13.Be3 N6h7 14.h4 g5 15.hxg5 hxg5
16.Qd2 Ng6 17.O-O-O Nf4 18.Nxf4 gxf4 19.Qh2 fxe3 20.Qxh7+ Kf8 21.Qh6+ Ke7
22.Qxe3 Rg8 23.Rh7 Qa5 24.Kb2 Qb6+ 25.Ka1 Qa5 26.Bc2 Bd7 27.Bb3 b5 28.cxb5 c4
29.Bc2 Rab8 30.Rdh1 Be8 31.Rb1 Rxb5 32.Rxb5 Bxb5 33.Rh1 Bd7 34.Kb2 Rb8+ 35.Ka1 Rg8
36.Rb1 Rh8 37.Qg5+ Kf8 38.Rb8+ Be8 39.Kb2 Rh2 40.Qf6 Qa4 41.Qxd6+ Kg8 42.Rb3 cxb3
43.axb3 Qb5 44.Qxe5 Rh1 45.c4 Qd7 46.c5 Kf8 47.c6 Qe7 48.Qd4 f6 49.f4 Qd8
50.b4 Qd6 51.e5 fxe5 52.fxe5 Qh6 53.Kb3 Qc1 54.Qc5+ Kg8 55.Qc3 Qa1 56.Qxa1 Rxa1
57.b5 Kf8 58.d6 Re1 59.c7 Bd7 60.Bf5 Ke8 61.e6 Rxe6 62.Bxe6 Bxe6+ 63.Kb4 Bxg4
64.Kc5 Kd7 65.Kd5 Bf3+ 66.Kc5 Bb7 67.b6 a6 68.Kb4  1/2-1/2

[Event "1st Big Slick GM"]
[Site "London ENG"]
[Date "2009.06.29"]
[Round "3"]
[White "Poobalasingam,P"]
[Black "Slavin,A"]
[Result "1/2-1/2"]
[WhiteElo "2240"]
[BlackElo "2308"]

1.d4 Nf6 2.c4 e6 3.Nc3 Bb4 4.f3 d5 5.a3 Be7 6.e4 dxe4 7.fxe4 e5 8.d5 Bc5
9.Nf3 Bg4 10.Bd3 O-O 11.Bg5 Nbd7 12.h3 Bxf3 13.Qxf3 c6 14.g4 Qb6 15.Rb1 Bd4
16.Nd1 Qb3 17.Be2 Qc2 18.Bd3 Qb3 19.Be2 Qxf3 20.Bxf3 h6 21.Bxf6 Nxf6 22.Kd2 a5
23.Ne3 Bxe3+ 24.Kxe3 c5 25.Rhc1 Rfc8 26.Rc3 Ne8 27.b4 axb4 28.axb4 Nd6 29.Be2 Kf8
30.h4 Ke7 31.g5 hxg5 32.hxg5 Rc7 33.Rcb3 cxb4 34.Rxb4 Ra7 35.Bd3 Rc5 36.R4b3 Kd8
37.g6 f6 38.Rh1 Nxc4+ 39.Bxc4 Rxc4 40.Rh8+ Ke7 41.Rg8 Kd6 42.Rd8+ Kc7 43.Rg8 Kd6
44.Rd8+ Kc7 45.Rg8 Kd6 46.Rd8+ Kc7  1/2-1/2

[Event "Petr Izmailov Mem"]
[Site "Tomsk RUS"]
[Date "2009.06.30"]
[Round "7"]
[White "Tilicheev,V"]
[Black "Bocharov,D"]
[Result "0-1"]
[WhiteElo "2309"]
[BlackElo "2606"]

1.d4 Nf6 2.c4 e6 3.Nc3 Bb4 4.f3 O-O 5.e4 d5 6.cxd5 exd5 7.e5 Nfd7 8.a3 Bxc3+
9.bxc3 f6 10.exf6 Qxf6 11.Ne2 Nb6 12.Nf4 c5 13.Kf2 Nc6 14.Bb5 cxd4 15.Bxc6 bxc6
16.Qxd4 Qe7 17.Nd3 Bf5 18.Re1 Qf7 19.Nc5 Nc4 20.Bf4 Rae8 21.a4 h6 22.Rxe8 Rxe8
23.Re1 Rxe1 24.Kxe1 Qe7+ 25.Kf2 Bc2 26.g3 Bd1 27.Qxd1 Qxc5+ 28.Qd4 Qa5 29.Bb8 a6
30.Qg4 Qb6+  0-1

[Event "ch-BEL Expert"]
[Site "Namur BEL"]
[Date "2009.07.05"]
[Round "2"]
[White "Hovhanisian,M"]
[Black "Hautot,S"]
[Result "0-1"]
[WhiteElo "2471"]
[BlackElo "2421"]

1.d4 Nf6 2.c4 e6 3.Nc3 Bb4 4.f3 d5 5.a3 Bxc3+ 6.bxc3 b6 7.cxd5 exd5 8.e3 O-O
9.Bd3 Ba6 10.Bxa6 Nxa6 11.Ne2 c5 12.O-O Qd7 13.Qd3 Qb7 14.Ng3 Rfe8 15.Ra2 Rac8
16.Re2 cxd4 17.cxd4 Rc4 18.e4 Rec8 19.Bd2 Qd7 20.e5 Ne8 21.f4 Nac7 22.Nf5 Ne6
23.Bb4 Kh8 24.Ne7 Rxb4 25.axb4 Qxe7 26.f5 Ng5 27.f6 Qe6 28.fxg7+ Nxg7 29.Ref2 Rc7
30.Rf6 Qg4 31.h3 Qh4 32.Rd6 N7e6 33.Rxd5 Nf4 34.Rd8+ Kg7 35.Qf5 Ngxh3+ 36.gxh3 Qg3+  0-1

[Event "Matskevich Mem GM"]
[Site "Kharkiv UKR"]
[Date "2009.07.11"]
[Round "2"]
[White "Simantsev,M"]
[Black "Abasov,N"]
[Result "1/2-1/2"]
[WhiteElo "2527"]
[BlackElo "2505"]

1.d4 Nf6 2.c4 e6 3.Nc3 Bb4 4.f3 d5 5.a3 Bxc3+ 6.bxc3 O-O 7.cxd5 exd5 8.e3 Bf5
9.Bd3 Bxd3 10.Qxd3 Nc6 11.Ne2 Na5 12.O-O Re8 13.Ng3 Qe7 14.Rb1 c6 15.Nf5 Qd7
16.Re1 g6 17.Nh6+ Kg7 18.e4 Nc4 19.e5 Ng8 20.Nxg8 Kxg8 21.Bg5 Nxa3 22.Bf6 Nc4
23.Qc2 h6 24.Qf2 b5 25.Qh4 h5 26.g4 Kh7 27.gxh5 g5 28.Bxg5 Rg8 29.f4 Nd2
30.Qg3 Nxb1 31.Qd3+ Kh8 32.Rxb1 Qg4+ 33.Kh1 Rxg5 34.fxg5 Qxg5 35.Rg1 Qf4
36.Rf1 Qe4+ 37.Qxe4 dxe4 38.Rxf7 a5 39.Kg2 a4 40.Rf2 Kg7 41.Kg3 Kh6 42.Ra2 Kxh5
43.Kf4 Kg6 44.Kxe4 Kf7 45.Kf5 Ke7 46.h4 Rf8+ 47.Kg6 Rg8+ 48.Kf5 Rf8+ 49.Ke4 Rh8
50.Rh2 a3 51.h5 Ke6 52.h6 a2 53.Rxa2 Rxh6 54.Rf2 Rh4+ 55.Rf4 Rh6 56.Rg4 Rh3
57.Rg6+ Kd7 58.Rg7+ Ke6 59.Rg6+ Kd7 60.Rd6+ Kc7 61.Rf6 Rxc3 62.Rf7+ Kd8 63.e6 Rh3
64.Rd7+ Ke8 65.Ke5 Rh5+ 66.Kd6 Rd5+ 67.Kxc6 Rxd7 68.exd7+ Kd8 69.Kxb5 Kxd7  1/2-1/2

[Event "6th South Wales Int"]
[Site "Treforest WLS"]
[Date "2009.07.12"]
[Round "2"]
[White "Rudd,J"]
[Black "Gibson,Ch"]
[Result "1-0"]
[WhiteElo "2326"]
[BlackElo "1991"]

1.d4 Nf6 2.c4 e6 3.Nc3 Bb4 4.f3 d5 5.a3 Bxc3+ 6.bxc3 c5 7.cxd5 Nxd5 8.Qd2 O-O
9.e4 Nc7 10.dxc5 e5 11.Qxd8 Rxd8 12.Be3 Nc6 13.Nh3 Be6 14.Ng5 Bb3 15.Rb1 Na5
16.Rxb3 Nxb3 17.Bc4 Na5 18.Bxf7+ Kf8 19.f4 h6 20.O-O Rd3 21.Bc1 Rad8 22.Bh5 hxg5
23.fxe5+ Kg8 24.Bf7+ Kh8 25.Bxg5 Nc6 26.Rf5 Rf8 27.Bf4 g6 28.Bxg6 Rxf5 29.Bxf5 Nd8
30.Bg5 Nde6 31.Bf6+ Kg8 32.h4 Nf4 33.g4 Nce6 34.h5 Ng7 35.Bc8 Ngxh5 36.gxh5 Nxh5
37.Be7 Ng7 38.Bxb7 Ne8 39.Bd5+ Kg7 40.c4 Rxa3 41.c6 Ra2 42.Bd6 a5 43.c7 Nxc7
44.Bxc7 a4 45.e6 Kf6 46.e5+  1-0

[Event "12th Open"]
[Site "Malaga ESP"]
[Date "2009.07.13"]
[Round "4"]
[White "Montero Melendez,R"]
[Black "Levin,F"]
[Result "0-1"]
[WhiteElo "2249"]
[BlackElo "2491"]

1.d4 Nf6 2.c4 e6 3.Nc3 Bb4 4.f3 O-O 5.a3 Bxc3+ 6.bxc3 Nh5 7.Nh3 f5 8.Bg5 Qe8
9.e4 h6 10.Bc1 fxe4 11.fxe4 e5 12.Bd3 d6 13.Nf2 Nc6 14.d5 Na5 15.g3 b6 16.Be2 Nf6
17.g4 g5 18.h4 Qg6 19.Be3 Ba6 20.hxg5 hxg5 21.Rh5 Nxh5 22.gxh5 Qg7 23.Nh3 Rf4
24.Nxf4 gxf4 25.Bf2 Kh8 26.Ra2 Rg8 27.c5 Bxe2 28.Rxe2 dxc5 29.d6 c6 30.Qd3 Rd8
31.Rd2 Rd7 32.Qf1 Qg4 33.Qa6 Qg8 34.Qf1 Nc4 35.Qh3 Qf7 36.Rd1 Rxd6 37.Qc8+ Kg7
38.Rxd6 Nxd6 39.Qxc6 Qe7 40.Kf1 Kh6 41.Bh4 Qxh4 42.Qxd6+ Kxh5 43.Qxe5+ Kg4
44.Qg7+ Qg5 45.Qd7+ Kg3 46.Qf5 Qg4 47.Qd5 Qf3+ 48.Ke1 Qxc3+ 49.Kd1 Qd4+ 50.Kc2 f3
51.Qg5+ Kf2 52.e5 Qe4+ 53.Kc3 Qd4+ 54.Kc2 Ke2 55.Qh5 c4 56.e6 Qe4+ 57.Kb2 Qxe6
58.Kc3 Qe4 59.Kb4 Qf4 60.Qe8+ Kd2  0-1

[Event "ch-SCO"]
[Site "Edinburgh SCO"]
[Date "2009.07.14"]
[Round "4"]
[White "Parks,J"]
[Black "Farrell,N"]
[Result "1/2-1/2"]
[WhiteElo "1919"]
[BlackElo "2191"]

1.d4 e6 2.c4 Nf6 3.Nc3 Bb4 4.f3 O-O 5.a3 Bxc3+ 6.bxc3 Nh5 7.g3 f5 8.Nh3 d6
9.Bg2 e5 10.dxe5 dxe5 11.Qd5+ Kh8 12.Qxe5 Re8 13.Qd4 Qe7 14.O-O Nc6 15.Qf2 Be6
16.Bg5 Nf6 17.e4 Bxc4 18.Rfe1 fxe4 19.fxe4 Ne5 20.Bf1 Nfg4 21.Bxe7 Nxf2 22.Kxf2 Bxf1
23.Kxf1 Rxe7 24.Rad1 Kg8 25.Nf2 Rae8 26.Kg2 Re6 27.Rd4 c5 28.Rd5 c4 29.Rb1 R8e7
30.Rf1 Rf6 31.Nd1 Rxf1 32.Kxf1 Nc6 33.Nf2 b6 34.Ke2 Kf7 35.Ke3 Ke6 36.Nh3 h6
37.Nf4+ Kf7 38.Rf5+ Ke8 39.Ng6 Rf7 40.Rxf7 Kxf7 41.Nf4  1/2-1/2

[Event "Synthesia Rapid Open"]
[Site "Pardubice CZE"]
[Date "2009.07.22"]
[Round "3"]
[White "Marusenko,P"]
[Black "Zakhartsov,Vi"]
[Result "0-1"]
[WhiteElo "2323"]
[BlackElo "2541"]

1.d4 Nf6 2.c4 e6 3.Nc3 Bb4 4.f3 d5 5.a3 Bxc3+ 6.bxc3 c5 7.cxd5 Nxd5 8.Qd2 Nc6
9.e4 Nf6 10.Bb2 O-O 11.Nh3 Qa5 12.Nf2 Rd8 13.Rd1 b6 14.Be2 Ba6 15.O-O Rac8
16.Bxa6 Qxa6 17.e5 Nxe5 18.Qg5 Nc4 19.Bc1 cxd4 20.Ng4 Nxg4 21.fxg4 d3 22.Qe7 Ne5
23.Be3 Rd7 24.Qg5 Qa5 25.h4 Nc4 26.Qxa5 Nxa5 27.Bd4 Nc6 28.Be3 Ne5 29.g5 Nc4
30.Bd2 Nxd2 31.Rxd2 Rxc3  0-1

[Event "Czech Open A"]
[Site "Pardubice CZE"]
[Date "2009.07.24"]
[Round "1"]
[White "Meskovs,N"]
[Black "Dinger,Fl"]
[Result "1/2-1/2"]
[WhiteElo "2221"]
[BlackElo "2391"]

1.d4 Nf6 2.c4 e6 3.Nc3 Bb4 4.f3 c5 5.d5 d6 6.e4 O-O 7.Bd3 Bxc3+ 8.bxc3 e5
9.Bg5 h6 10.Bh4 g5 11.Bf2 Nh5 12.g3 Ng7 13.h4 f6 14.g4 Nd7 15.hxg5 hxg5 16.Ne2 Kf7
17.Qd2 Rh8 18.O-O-O Rxh1 19.Rxh1 Nf8 20.Ng3 Ng6 21.Nf5 Bxf5 22.exf5 Nf4 23.Be3 Qa5
24.Bxf4 exf4 25.Qb2 Rb8 26.Kd2 a6 27.a4 Qxa4 28.Qb6 Qd7 29.Rb1 Ne8 30.Qa7 Rc8
31.Bc2 Rc7 32.Rb6 Qe7 33.Be4 Rd7 34.Kc2 Kf8 35.Kb3 Qh7 36.Qa8 Qh1 37.Rxb7 Rxb7+
38.Qxb7 Qd1+ 39.Kb2 a5 40.Qb3 Qe2+ 41.Ka3 Qe1 42.Ka4 Qa1+  1/2-1/2

[Event "ch-AUT"]
[Site "Jenbach AUT"]
[Date "2009.07.26"]
[Round "2"]
[White "Wiedermann,D"]
[Black "Baumegger,S"]
[Result "0-1"]
[WhiteElo "2151"]
[BlackElo "2455"]

1.d4 Nf6 2.c4 e6 3.Nc3 Bb4 4.f3 O-O 5.e4 d5 6.cxd5 exd5 7.e5 Nfd7 8.a3 Bxc3+
9.bxc3 f6 10.exf6 Qxf6 11.Bd3 Nb6 12.Ne2 Bf5 13.O-O Re8 14.Nf4 N8d7 15.Ra2 Bxd3
16.Qxd3 Qc6 17.Kf2 Nf6 18.h4 Re7 19.g3 Rae8 20.Ng2 Nc4 21.Re1 Rxe1 22.Nxe1 Nd7
23.Ng2 Ndb6 24.Nf4 Na4 25.Re2 Rxe2+ 26.Nxe2 Qd7 27.Nf4 c6 28.Ng2 Qe7 29.Qc2 Nab6
30.Qe2 Qf7 31.Ne3 Nxe3 32.Qxe3 Nc4 33.Qg5 h6 34.Qg4 Kh7 35.h5 b6 36.a4 b5
37.axb5 cxb5 38.f4 a5 39.Qe2 a4 40.g4 Kg8 41.Ke1 Qd7 42.g5 Kf7 43.Kd1 Qf5
44.gxh6 gxh6 45.Qf3 a3 46.Qe2 Qe4 47.Qc2 Qh1+  0-1

[Event "Czech Open A"]
[Site "Pardubice CZE"]
[Date "2009.07.27"]
[Round "4"]
[White "Richter,Mic"]
[Black "Laznicka,V"]
[Result "0-1"]
[WhiteElo "2427"]
[BlackElo "2617"]

1.d4 Nf6 2.c4 e6 3.Nc3 Bb4 4.f3 c5 5.d5 Bxc3+ 6.bxc3 d6 7.e4 Qe7 8.Ne2 Nbd7
9.Ng3 Ne5 10.f4 Ng6 11.Be2 e5 12.f5 Nf4 13.O-O Nxe2+ 14.Qxe2 h6 15.Nh5 Nxh5
16.Qxh5 Kd8 17.f6 gxf6 18.Bd2 b6 19.Rf3 f5 20.exf5 Ba6 21.Rg3 Qf6 22.Rg4 Kc7
23.a4 Rag8 24.a5 Rxg4 25.axb6+ axb6 26.Qxg4 Bc8 27.Qd1 Qxf5 28.Qb3 Qd7 29.Rb1 Kd8
30.Qxb6+ Qc7 31.Qb2 Ke8 32.Qc1 f5 33.Bxh6 Qh7 34.Rb8 Kd7 35.Bf4 exf4 36.Qxf4 Qe7
37.Qxf5+ Kc7 38.Qb1 Kd8 39.Qb6+ Qc7 40.Qb1 Qh7 41.Qb6+ Ke7 42.Rb7+ Bxb7 43.Qc7+ Kf6
44.Qxd6+ Kf5 45.Qe6+ Kf4 46.Qf6+ Ke3  0-1

[Event "Hanowa Generations"]
[Site "Biel SUI"]
[Date "2009.07.29"]
[Round "9"]
[White "Rosenthal,Jon"]
[Black "Sinkovics,P"]
[Result "0-1"]
[WhiteElo "2262"]
[BlackElo "2331"]

1.d4 Nf6 2.c4 e6 3.Nc3 Bb4 4.f3 O-O 5.a3 Bxc3+ 6.bxc3 Ne8 7.a4 b6 8.a5 Ba6
9.e4 Nc6 10.axb6 axb6 11.Bd3 Na5 12.f4 Nd6 13.e5 Ndxc4 14.Nf3 f5 15.Rg1 Bb7
16.Rb1 Bd5 17.g4 c5 18.gxf5 exf5 19.Rg5 Be4 20.Nh4 d5 21.Bxe4 dxe4 22.Qh5 cxd4
23.Nxf5 Rxf5 24.Rxf5  0-1

[Event "14th Open"]
[Site "Creon FRA"]
[Date "2009.07.30"]
[Round "6"]
[White "Brunner,N"]
[Black "Preux,P"]
[Result "0-1"]
[WhiteElo "2421"]
[BlackElo "2256"]

1.d4 Nf6 2.c4 e6 3.Nc3 Bb4 4.f3 Nc6 5.a3 Bxc3+ 6.bxc3 b6 7.e4 Ba6 8.Bg5 h6
9.Bh4 Na5 10.Qa4 O-O 11.e5 g5 12.Bf2 Nh7 13.h4 f5 14.exf6 Qxf6 15.Qxd7 c5
16.Bd3 Rf7 17.Qa4 g4 18.Ra2 Rd8 19.Rd2 Qg7 20.Ne2 Kh8 21.f4 Bb7 22.dxc5 Bc6
23.Qc2 e5 24.fxe5 Rxf2 25.Kxf2 Qxe5 26.Bxh7 Rf8+ 27.Ke1 Nxc4 28.Qg6 Qe3 29.Rd3 Qf2+
30.Kd1 Ba4+ 31.Kc1 Qxe2  0-1

[Event "ch-AUT"]
[Site "Jenbach AUT"]
[Date "2009.08.01"]
[Round "8"]
[White "Berchtold,C"]
[Black "Allacher,E"]
[Result "1-0"]
[WhiteElo "2057"]
[BlackElo "2111"]

1.d4 Nf6 2.c4 e6 3.Nc3 Bb4 4.f3 d5 5.a3 Be7 6.e4 dxc4 7.Bxc4 a6 8.Be3 b5
9.Ba2 Bb7 10.Qe2 O-O 11.Nh3 b4 12.axb4 Bxb4 13.O-O c6 14.Rfd1 a5 15.Nf4 Re8
16.Qf2 a4 17.Nd3 Bf8 18.Nc5 Bxc5 19.dxc5 Nfd7 20.e5 Qe7 21.f4 Ra5 22.Ne4 Rd8
23.Bb1 Nf8 24.Rd6 Nbd7 25.Qc2 Rda8 26.Ra3 f6 27.exf6 gxf6 28.Bd4 Kf7 29.Ba2 Kg7
30.Rg3+ Kh8 31.Ng5 Rd8 32.Nxe6 Nxc5 33.Rxd8 Nxe6 34.Bxe6  1-0

[Event "Open"]
[Site "Kavala GRE"]
[Date "2009.08.01"]
[Round "1"]
[White "Volkov,Sergey1"]
[Black "Kourousis,E"]
[Result "1-0"]
[WhiteElo "2607"]
[BlackElo "2237"]

1.d4 Nf6 2.c4 e6 3.Nc3 Bb4 4.f3 d5 5.a3 Be7 6.e4 dxe4 7.fxe4 e5 8.d5 Bc5
9.Nf3 Ng4 10.Na4 Bf2+ 11.Ke2 Bd4 12.Bg5 f6 13.Bh4 c5 14.Qd3 O-O 15.h3 Ne3
16.Bf2 Nxc4 17.Nxc5 Bxf2 18.Kxf2 Nd6 19.Qc2 Qc7 20.Bd3 b6 21.Ne6 Qxc2+ 22.Bxc2 Bxe6
23.dxe6 Rc8 24.Bb3 Na6 25.e7+ Kh8 26.Rhd1 Nc5 27.Bd5 Rab8 28.Rac1 Nd3+ 29.Rxd3 Rxc1
30.Be6 Rc6 31.Nd2 Re8 32.Bd7 Rc7 33.Rxd6 Rxe7 34.Bc6 g6 35.b4 Kg7 36.b5 Rf7
37.Nc4 f5 38.Ke3 Rf6 39.Rd1 Rfxc6 40.bxc6 Rxc6 41.Nxe5 Re6 42.Kf4  1-0

[Event "Czech Open A"]
[Site "Pardubice CZE"]
[Date "2009.08.01"]
[Round "9"]
[White "Yakimenko,A"]
[Black "Dinger,Fl"]
[Result "1-0"]
[WhiteElo "2091"]
[BlackElo "2391"]

1.d4 Nf6 2.c4 e6 3.Nc3 Bb4 4.f3 c5 5.a3 Bxc3+ 6.bxc3 d6 7.e4 Nc6 8.Be3 b6
9.Bd3 O-O 10.Qc2 e5 11.d5 Na5 12.Ne2 b5 13.Qa2 bxc4 14.Bc2 Rb8 15.O-O h6
16.Kh1 Bd7 17.Rae1 g5 18.h4 Nh5 19.g3 Kg7 20.hxg5 hxg5 21.Kg2 Rh8 22.Rh1 f6
23.Kf2 Nb3 24.Reg1 Qb6 25.Rh2 Rbf8 26.Rgh1 Be8 27.Qb1 Bg6 28.f4 a5 29.f5 Be8
30.Bd1 a4 31.Ng1 Nf4 32.gxf4 exf4 33.Bc1 Rxh2+ 34.Rxh2 Qd8 35.Nf3 Bb5 36.Bxf4 gxf4
37.Bxb3 Rg8 38.Bxc4 Bxc4 39.Qb7+ Kf8 40.Rh7 Qe8 41.Qc7 Rg3 42.Nh4  1-0

[Event "Centroamericano & Caribbean U20"]
[Site "Medellin COL"]
[Date "2009.08.02"]
[Round "6"]
[White "Diaz Ordonez,C"]
[Black "Ruiz Blais,S"]
[Result "1-0"]
[WhiteElo "2373"]
[BlackElo "2217"]

1.d4 Nf6 2.c4 e6 3.Nc3 Bb4 4.f3 d5 5.a3 Be7 6.e4 dxe4 7.fxe4 e5 8.d5 Bc5
9.Nf3 Ng4 10.Bg5 Qd6 11.Bh4 f5 12.Bd3 f4 13.Qe2 Ne3 14.Nd1 Nxd1 15.Rxd1 Bg4
16.b4 Bd4 17.Bf2 Bc3+ 18.Kf1 a5 19.c5 Qe7 20.b5 Nd7 21.Qc2 Bxf3 22.gxf3 Bd4
23.c6 bxc6 24.Qxc6 Rb8 25.Bxd4 exd4 26.Qxc7 O-O 27.d6 Qe8 28.Qc4+ Kh8 29.Qxd4 Qh5
30.Be2 Rxb5 31.Rg1 Qh3+ 32.Ke1 Qh4+ 33.Qf2 Qxf2+ 34.Kxf2 Rh5 35.a4 Rxh2+
36.Rg2 Rh5 37.Bb5 Rd8 38.Rg4  1-0

[Event "Arctic Chess Challenge"]
[Site "Tromso NOR"]
[Date "2009.08.03"]
[Round "3"]
[White "Khenkin,I"]
[Black "Forsaa,Es"]
[Result "1-0"]
[WhiteElo "2634"]
[BlackElo "2311"]

1.d4 Nf6 2.c4 e6 3.Nc3 Bb4 4.f3 O-O 5.a3 Bxc3+ 6.bxc3 Ne8 7.e4 c5 8.Bd3 d6
9.Ne2 Nc6 10.Be3 b6 11.O-O Ba6 12.Ng3 g6 13.f4 Na5 14.f5 exf5 15.exf5 Bxc4
16.Bh6 Ng7 17.f6 Ne6 18.Nf5 d5 19.Ne7+ Kh8 20.Bxc4 Nxc4 21.Qf3 Rg8 22.Rae1 Qd7
23.Qxd5 Qxd5 24.Nxd5 cxd4 25.Ne7 Ne3 26.Bxe3 dxe3 27.Nxg8 Kxg8 28.Rxe3 Rd8
29.Rff3  1-0

[Event "University of Twente YM"]
[Site "Enschede NED"]
[Date "2009.08.06"]
[Round "7"]
[White "Miedema,R"]
[Black "Iotov,V"]
[Result "0-1"]
[WhiteElo "2432"]
[BlackElo "2603"]

1.d4 Nf6 2.c4 e6 3.Nc3 Bb4 4.f3 c5 5.a3 Bxc3+ 6.bxc3 O-O 7.e4 Nc6 8.Be3 Qa5
9.Qd2 b6 10.Bd3 Ba6 11.a4 cxd4 12.cxd4 Nb4 13.Kf2 Nxd3+ 14.Qxd3 d5 15.Bd2 dxe4
16.Qc2 Qf5 17.Rc1 Rac8 18.c5 bxc5 19.dxc5 Rfd8 20.Ne2 e3+ 21.Kxe3 Ng4+  0-1

[Event "Open"]
[Site "Kavala GRE"]
[Date "2009.08.06"]
[Round "7"]
[White "Volkov,Sergey1"]
[Black "Aroshidze,L"]
[Result "1-0"]
[WhiteElo "2607"]
[BlackElo "2537"]

1.d4 Nf6 2.c4 e6 3.Nc3 Bb4 4.f3 c5 5.d5 exd5 6.cxd5 d6 7.e4 O-O 8.Ne2 Nbd7
9.Ng3 Ne5 10.Be2 Bd7 11.O-O Re8 12.Be3 h6 13.h3 a6 14.a4 Rc8 15.Qd2 b5 16.axb5 axb5
17.Ra6 Qe7 18.Rfa1 Qf8 19.Qc1 c4 20.Na2 Bc5 21.Bxc5 Rxc5 22.Nb4 Rec8 23.Qc3 Ng6
24.Bf1 Qe7 25.Rb6 R5c7 26.Raa6 Ne8 27.Ne2 Qg5 28.g3 Qh5 29.Kh2 f5 30.exf5 Qxf5
31.Nd4 Qb1 32.Bg2 Ne5 33.Ndc6 Bxc6 34.dxc6 Nd3 35.Rxb5 Ne1 36.Qxc4+ Kh8 37.Nd5 Rf7
38.Qe2 Nc7 39.Nxc7 Rcxc7 40.Rb8+ Kh7 41.Re8 Nxg2 42.Kxg2 Rf5 43.Raa8 Rcf7
44.c7  1-0

[Event "7th Staunton Memorial GM"]
[Site "London ENG"]
[Date "2009.08.12"]
[Round "5"]
[White "Wiersma,E"]
[Black "Wells,P"]
[Result "1-0"]
[WhiteElo "2403"]
[BlackElo "2498"]

1.d4 Nf6 2.c4 e6 3.Nc3 Bb4 4.f3 d5 5.a3 Bxc3+ 6.bxc3 c5 7.cxd5 exd5 8.e3 Qc7
9.Ra2 cxd4 10.cxd4 Bf5 11.Ne2 Nbd7 12.g4 Bg6 13.Bg2 Rc8 14.g5 Ng8 15.e4 Ne7
16.O-O Qc4 17.Rd2 f5 18.Nf4 O-O 19.Bh3 Rc6 20.a4 fxe4 21.Nxg6 Nxg6 22.Bxd7 e3
23.Re2 Nf4 24.Rxe3 Rc7 25.Bg4 Qa2 26.Rf2 Qb1 27.Re1 Nd3 28.Ba3 Qxd1 29.Rxd1 Nxf2
30.Be6+ Kh8 31.Kxf2 Rc2+ 32.Kg3 Rd8 33.Rb1 b6 34.Rb5 Ra2 35.Be7 Re8 36.Rxd5 Re2
37.Rd6 h6 38.g6 h5 39.d5  1-0

[Event "2nd WCT GM"]
[Site "Moscow RUS"]
[Date "2009.08.13"]
[Round "6"]
[White "Meessen,R"]
[Black "Ulko,J"]
[Result "0-1"]
[WhiteElo "2334"]
[BlackElo "2478"]

1.d4 Nf6 2.c4 e6 3.Nc3 Bb4 4.f3 c5 5.d5 d6 6.e4 Qe7 7.Ne2 O-O 8.a3 Ba5 9.Rb1 Na6
10.Qa4 b6 11.Bg5 Bd7 12.Qc2 exd5 13.cxd5 b5 14.Ng3 h6 15.Bd2 c4 16.Be2 Bb6
17.Nd1 Nc5 18.Be3 Rae8 19.O-O h5 20.Nh1 Nh7 21.Ndf2 f5 22.Rbe1 h4 23.Bd1 f4
24.Bd4 Nd3 25.Bxb6 Nxe1  0-1

[Event "ch-SCCF State"]
[Site "Los Angeles USA"]
[Date "2009.08.15"]
[Round "2"]
[White "Kretchetov,A"]
[Black "Reynolds,R"]
[Result "1-0"]
[WhiteElo "2365"]
[BlackElo "2290"]

1.d4 Nf6 2.c4 e6 3.Nc3 Bb4 4.f3 c5 5.d5 O-O 6.e4 d6 7.Ne2 exd5 8.cxd5 Nbd7
9.Ng3 Re8 10.Be2 Ne5 11.O-O Bd7 12.Qc2 c4 13.Kh1 Rc8 14.f4 Nd3 15.Bxd3 cxd3
16.Qxd3 Ng4 17.h3 Qh4 18.Bd2 Nf6 19.Nge2 Bc5 20.Be1 Qh6 21.Bf2 b5 22.Bxc5 Rxc5
23.e5 dxe5 24.fxe5 Rc4 25.Qg3 Rg4 26.Qh2 Rh4 27.Ng1 Ng4 28.Qg3 Nxe5 29.Rae1 f6
30.Ne4 Ng6 31.Nc5 Rxe1 32.Rxe1 Bf5 33.Qb8+ Nf8 34.Ne6  1-0